Métodos de cálculo para el estudio de regulación de caudales
Gorde:
| Egile nagusia: | |
|---|---|
| Formatua: | Liburua |
| Argitaratua: |
[San José , Costa Rica]
1985
|
| Gaiak: | |
| Etiketak: |
Etiketa erantsi
Etiketarik gabe, Izan zaitez lehena erregistro honi etiketa jartzen!
|
MARC
| LEADER | 00000nam a2200000Ia 4500 | ||
|---|---|---|---|
| 003 | 002590 | ||
| 005 | 20221231144407.0 | ||
| 008 | 140114s1985 c a m 000 ||s d | ||
| 040 | |c cru CEDI | ||
| 090 | |a TFG 1576 | ||
| 100 | |a Castro Bonilla, Yolanda |9 14776 | ||
| 245 | |a Métodos de cálculo para el estudio de regulación de caudales | ||
| 260 | |c 1985 |a [San José , Costa Rica] | ||
| 300 | |a [127] hojas : mapa plegables ; 28 cm | ||
| 500 | |a Proyecto de graduación (ingeniero civil)-- Universidad de Costa rica. Facultad de Ingeniería. Escuela de Ingeniería Civil | ||
| 650 | |x CUENCAS HIDROGRAFICAS |x RIOS - MEDICION |9 14777 | ||
| 942 | |c TFG | ||
| 999 | |c 21232 |d 21232 | ||
